|
|
|
|
| LEADER |
01050nam a2200301 a 4500 |
| 001 |
28582 |
| 003 |
BD-DhAAL |
| 005 |
20141123100321.0 |
| 008 |
141123s2004 nyu 000 0deng |
| 010 |
|
|
|a 2004048969
|
| 020 |
|
|
|a 0375703403
|
| 020 |
|
|
|a 0375403728
|
| 040 |
|
|
|a DLC
|c DLC
|d DLC
|d BD-DhAAL
|
| 042 |
|
|
|a pcc
|
| 043 |
|
|
|a a-ii---
|
| 050 |
0 |
0 |
|a DS486.B7
|b M42 2004
|
| 082 |
0 |
0 |
|a 954/.79205
|2 22
|
| 100 |
1 |
|
|a Mehta, Suketu.
|9 6087
|
| 245 |
1 |
0 |
|a Maximum city :
|b Bombay lost and found /
|c Suketu Mehta.
|
| 250 |
|
|
|a 1st ed.
|
| 260 |
|
|
|a New York :
|b Alfred A. Knopf,
|c 2004.
|
| 300 |
|
|
|a xii, 542 p. ;
|c 25 cm.
|
| 541 |
|
|
|e 28582
|
| 600 |
1 |
0 |
|a Mehta, Suketu
|x Travel
|z India
|z Mumbai.
|9 6088
|
| 651 |
|
0 |
|a Mumbai (India)
|x Description and travel.
|9 6089
|
| 942 |
|
|
|2 ddc
|c BK
|
| 999 |
|
|
|c 33090
|d 33090
|
| 952 |
|
|
|0 0
|1 0
|2 ddc
|4 0
|6 954_792050000000000_MEH
|7 0
|9 44120
|a BRACUL
|b BRACUL
|c GEN
|d 2014-11-23
|e BRAC Institute of Language (BIL)
|l 2
|m 2
|o 954.79205 MEH
|p 3010028582
|r 2023-04-12
|s 2023-04-02
|t 1
|w 2014-11-23
|y BK
|x Transferred from BIL to BRACUL on 06/06/22
|